A leader's guide to science curriculum topic study / (Record no. 134737)
[ view plain ]
| 000 -LEADER | |
|---|---|
| fixed length control field | 01299cam a2200313 a 4500 |
| 001 - CONTROL NUMBER | |
| control field | vtls003215680 |
| 003 - CONTROL NUMBER IDENTIFIER | |
| control field | MY-SjTCS |
| 005 - DATE AND TIME OF LATEST TRANSACTION | |
| control field | 20200226114554.0 |
| 008 - FIXED-LENGTH DATA ELEMENTS--GENERAL INFORMATION | |
| fixed length control field | 110218s2010 caua b 001 0 eng |
| 020 ## - INTERNATIONAL STANDARD BOOK NUMBER | |
| International Standard Book Number | 9781412978163 (cloth w/cd) |
| 020 ## - INTERNATIONAL STANDARD BOOK NUMBER | |
| International Standard Book Number | 9781412978170 (paper w/cd) |
| 020 ## - INTERNATIONAL STANDARD BOOK NUMBER | |
| International Standard Book Number | 9781412978187 (CD-ROM) |
| 039 #9 - LEVEL OF BIBLIOGRAPHIC CONTROL AND CODING DETAIL [OBSOLETE] | |
| Level of rules in bibliographic description | 201503171537 |
| Level of effort used to assign nonsubject heading access points | shuhada |
| Level of effort used to assign subject headings | 201104111500 |
| Level of effort used to assign classification | wilmina |
| Level of effort used to assign subject headings | 201104111440 |
| Level of effort used to assign classification | wilmina |
| Level of effort used to assign subject headings | 201104111309 |
| Level of effort used to assign classification | izani |
| -- | 201102111511 |
| -- | malathy |
| 043 ## - GEOGRAPHIC AREA CODE | |
| Geographic area code | n-us--- |
| 082 04 - DEWEY DECIMAL CLASSIFICATION NUMBER | |
| Classification number | 507.1 |
| Item number | MUN 2010 |
| 100 1# - MAIN ENTRY--PERSONAL NAME | |
| Personal name | Mundry, Susan. |
| 9 (RLIN) | 50107 |
| 245 12 - TITLE STATEMENT | |
| Title | A leader's guide to science curriculum topic study / |
| Statement of responsibility, etc. | Susan Mundry, Page Keeley, Carolyn Landel. |
| 260 ## - PUBLICATION, DISTRIBUTION, ETC. | |
| Place of publication, distribution, etc. | Thousand Oaks, CA : |
| Name of publisher, distributor, etc. | Corwin, |
| Date of publication, distribution, etc. | c2010. |
| 300 ## - PHYSICAL DESCRIPTION | |
| Extent | xx, 297 p. : |
| Other physical details | ill. ; |
| Dimensions | 28 cm. + |
| Accompanying material | 1 CD-ROM (4 3/4 in.) |
| 500 ## - GENERAL NOTE | |
| General note | "A Joint Publication with WestEd and Maine Mathematics and Science Alliance, and the National Science Teachers Association." |
| 504 ## - BIBLIOGRAPHY, ETC. NOTE | |
| Bibliography, etc. note | Includes bibliographical references and index. |
| 650 #0 - SUBJECT ADDED ENTRY--TOPICAL TERM | |
| Topical term or geographic name entry element | Science |
| General subdivision | Study and teaching |
| Geographic subdivision | United States. |
| 650 #0 - SUBJECT ADDED ENTRY--TOPICAL TERM | |
| Topical term or geographic name entry element | Curriculum planning |
| Geographic subdivision | United States. |
| 9 (RLIN) | 10482 |
| 700 1# - ADDED ENTRY--PERSONAL NAME | |
| Personal name | Keeley, Page. |
| 9 (RLIN) | 39424 |
| 700 1# - ADDED ENTRY--PERSONAL NAME | |
| Personal name | Landel, Carolyn. |
| 9 (RLIN) | 50108 |
| 710 2# - ADDED ENTRY--CORPORATE NAME | |
| Corporate name or jurisdiction name as entry element | WestEd (Organization) |
| 710 2# - ADDED ENTRY--CORPORATE NAME | |
| Corporate name or jurisdiction name as entry element | Maine Mathematics and Science Alliance. |
| 920 ## - Programme | |
| Programme | EDU : 160622, 162112 |
| Withdrawn status | Lost status | Source of classification or shelving scheme | Damaged status | Not for loan | Home library | Current library | Date acquired | Total Checkouts | Barcode | Date last seen | Copy number | Koha item type | Public note | Collection code |
|---|---|---|---|---|---|---|---|---|---|---|---|---|---|---|
| Withdrawn | Dewey Decimal Classification | Taylor's Library-TU | TU External Storage-LCS | 29/03/2011 | 5000113471 | 05/12/2019 | 1 | Main Collection | SOEDx,46001,03,RM | Please fill up online form at https://taylorslibrary.taylors.edu.my/services/external_storage1 | ||||
| Withdrawn | Dewey Decimal Classification | Taylor's Library-TU | Taylor's Library-TU | 11/04/2011 | 1000524724 | 05/12/2019 | 1 | Accompanying Material (Media Resource) | SOEDx,46001,03,RM |